| 000 | 00870nam a2200241Ia 4500 | ||
|---|---|---|---|
| 003 | OSt | ||
| 005 | 20221005104533.0 | ||
| 006 | a|||||r|||| 00| 0 | ||
| 007 | ta | ||
| 008 | 221004b |||||||| |||| 00| 0 hin d | ||
| 024 | _a30674 | ||
| 037 | _cTextual | ||
| 040 |
_aCRL _cCRL _bhin |
||
| 041 |
_2hin _ahin |
||
| 082 | _aO152vM8, L5 | ||
| 100 | _aशर्मा, रामविलास | ||
| 245 | 0 | _aभारतेंदु-युग और हिन्दी भाषा की विकास -परम्परा | |
| 246 | _aBhārateandu-yug aur hindī bhāṣhā kī vikās -paramparā | ||
| 260 |
_aदिल्ली _bराजकमल प्रकाशन भारत _c1975 |
||
| 300 |
_a352पृ. _ccm. |
||
| 942 |
_hO152vM8, L5 _cTEXL _2cc |
||
| 999 |
_c1013022 _d1013022 |
||